Propuesta de evaluación para ciencias sociales 4, 5 y 6

Spremljeno u:
Bibliografski detalji
Glavni autori: Varela, Brisa (Autor), Carballo, Cristina (Autor)
Format: Knjiga
Jezik:španjolski
Izdano: Buenos Aires A-Z Editora 1999
Teme:
Oznake: Dodaj oznaku
Bez oznaka, Budi prvi tko označuje ovaj zapis!

MARC

LEADER 00000nam a2200000 a 4500
001 UCP6191
003 CL-VaPUC
008 991015e19990000AG |||||||||||||||||spa|d
082 0 4 |a 372.89  |b VAR  |2 21 
100 0 |a Varela, Brisa  |e author  |9 435124 
700 0 |a Carballo, Cristina  |e author  |9 435125 
245 1 0 |a Propuesta de evaluación para ciencias sociales 4, 5 y 6 
300 |a 92 p 
942 |c BK 
945 |d 19991015 00:00:00  |a rbrito 
260 |a Buenos Aires  |b A-Z Editora  |c 1999 
650 0 |a Enseñanza de las ciencias sociales  |9 337823 
650 0 |a Educación básica   |9 224933 
583 |a last modification  |c 19991015 00:00:00  |k Rodrigo Vera 
999 |c 283801  |d 283799 
952 |0 0  |1 0  |4 0  |6 372_890000000000000_VAR_1999  |7 0  |8 P  |9 327261  |a BIBEDU  |b BIBEDU  |c BIBEDU_PB  |d 2019-11-20  |i 3569810  |o 372.89 VAR 1999  |p 3569810  |r 2024-01-25  |w 2019-11-20  |y BK  |k EDU 
952 |0 0  |1 0  |4 0  |6 372_890000000000000_VAR_1999  |7 0  |8 P  |9 327262  |a BIBEDU  |b BIBEDU  |c BIBEDU_PB  |d 2019-11-20  |i 3569845  |o 372.89 VAR 1999  |p 3569845  |r 2024-01-25  |w 2019-11-20  |y BK  |k EDU